| 000 | 00963nam a2200277 a 4500 | ||
|---|---|---|---|
| 001 | 000038666 | ||
| 003 | DO-SdBNP | ||
| 005 | 20250422141551.0 | ||
| 007 | ta | ||
| 008 | 130417s2019 dr ab 000 spa d | ||
| 020 | _a9789945613094 | ||
| 040 |
_aDO-SdBNP _bspa _cBNPHU |
||
| 082 | 4 | _222 | |
| 100 | 1 |
_aCassá, Roberto, _9340 _d1948- |
|
| 245 | 1 | 0 |
_aPensadores decimonónicos / _cRoberto Cassá ; prólogo Álvaro A. Caamaño Santana |
| 260 |
_aSanto Domingo : _cArchivo General de la Nación, _cUniversidad Autónoma de Santo Domingo, _b2019. |
||
| 300 |
_a548 p. : _bil., mapas. ; _c27 cm. |
||
| 490 | 1 |
_aArchivo General de la Nación _v353 |
|
| 500 | _aIncluye datos biográficos del autor en la solapa de la cubierta | ||
| 504 | _aBibliografía : p. 534 | ||
| 590 | _aInventariado, 2021/BT | ||
| 700 | 1 |
_aCaamaño, Álvaro A. _d1951- _epról. _978208 |
|
| 830 | 0 |
_aArchivo General de la Nación _n353 _980523 |
|
| 910 | _aBtavárez | ||
| 942 |
_2ddc _cLBS1 |
||
| 999 |
_c38156 _d38156 |
||